Biología (Registro nro. 246)
[ vista simple ]
| 000 -CABECERA | |
|---|---|
| fixed length control field | 00680nam a22002297a 4500 |
| 003 - CONTROL NUMBER IDENTIFIER | |
| control field | AR-BeUNQ |
| 005 - FECHA Y HORA DE LA ULTIMA TRANSACCION | |
| control field | 20240429191110.0 |
| 008 - ELEMENTOS DE LONGITUD FIJA-INFORMACION GENERAL | |
| fixed length control field | 180424b xxu||||| |||| 00| 0 spa d |
| 020 ## - NUMERO INTERNACIONAL NORMALIZADO PARA LIBROS | |
| Número Internacional Normalizado del libro | 9789500010924 |
| 040 ## - FUENTE DE CATALOGACION | |
| Agencia de catalogación original | AR-BeUNQ |
| Idioma de catalogación | ESPAÑOL |
| Convenciones de la descripción | aacr |
| Agencia que realiza la transcripción | AR-BeUNQ |
| 082 ## - NUMERO DE CLASIFICACION DECIMAL DEWEYMBER | |
| Número de clasificación | 570=373 |
| Número de la edición | 21 |
| 100 ## - ASIENTO PRINCIPAL-NOMBRE PERSONAL | |
| Nombre personal | Corbacho, Verónica |
| Término relacionador | aut |
| 245 ## - MENCION DE TITULO | |
| Título | Biología |
| 250 ## - MENCION DE EDICION | |
| Mención de edición | 1a.ed. |
| 260 ## - PUBLICACION, DISTRIBUCION, ETC. | |
| Lugar de publicación, distribución, etc. | CABA : |
| Nombre del editor, distribuidor, etc. | Ministerio de Educación de la Nación, |
| Fecha de publicación, distribución, etc | 2015 |
| 300 ## - DESCRIPCION FISICA | |
| Extensión | 212 p. ; |
| Otros detalles físicos | il. ; |
| Dimensiones | 29 cm. |
| 490 ## - MENCION DE SERIE | |
| Mención de serie | Quiero estudiar Fines |
| 650 ## - ASIENTO SECUNDARIO DE MATERIA - TERMINO TEMATICO | |
| Término temático o nombre geográfico como elemento de entrada | Biología-Enseñanza |
| Fuente del encabezamiento o términ | spines |
| 651 ## - ASIENTO SECUNDARIO DE MATERIA - NOMBRE GEOGRAFICO | |
| Nombre geográfico | Argentina |
| Fuente del encabezamiento o término | tell |
| 929 ## - DATOS DE ADQUISICION | |
| Procedencia | DONACION |
| Proveedor | Ministerio de Educación de la Nación |
| Número de inventario | 57336 |
| Patrimonio UNQ | PAT0081475 |
| 942 ## - ELEMENTOS DE PUNTO DE ACCESO ADICIONAL (KOHA) | |
| Tipo de ítem Koha | Libros |
| Suppress in OPAC | 0 |
| Estado de retiro | Estado de pérdida | Ubicación permanente | Ubicación actual | Ubicación en estantería | Fecha de ingreso | Signatura topográfica completa | Inventario | Date last seen | Tipo de ítem Koha |
|---|---|---|---|---|---|---|---|---|---|
| Biblioteca ESET - UNQ | Biblioteca ESET - UNQ | CIRCULACION | 09/05/2022 | 570 /COR | 59317 | 09/05/2022 | Libros | ||
| Biblioteca ESET - UNQ | Biblioteca ESET - UNQ | CIRCULACION | 09/05/2022 | 570 /COR | 59318 | 09/05/2022 | Libros | ||
| Biblioteca ESET - UNQ | Biblioteca ESET - UNQ | CIRCULACION | 09/05/2022 | 570 /COR | 59319 | 09/05/2022 | Libros | ||
| Biblioteca ESET - UNQ | Biblioteca ESET - UNQ | CIRCULACION | 09/05/2022 | 570 /COR | 59320 | 09/05/2022 | Libros | ||
| Biblioteca ESET - UNQ | Biblioteca ESET - UNQ | CIRCULACION | 09/05/2022 | 570 /COR | 59321 | 09/05/2022 | Libros | ||
| Biblioteca ESET - UNQ | Biblioteca ESET - UNQ | CIRCULACION | 09/05/2022 | 570 /COR | 59322 | 09/05/2022 | Libros | ||
| Biblioteca ESET - UNQ | Biblioteca ESET - UNQ | CIRCULACION | 09/05/2022 | 570 /COR | 59323 | 09/05/2022 | Libros | ||
| Biblioteca ESET - UNQ | Biblioteca ESET - UNQ | CIRCULACION | 09/05/2022 | 570 /COR | 59316 | 09/05/2022 | Libros | ||
| Biblioteca ESET - UNQ | Biblioteca ESET - UNQ | CIRCULACION | 09/05/2022 | 570 /COR | 59324 | 09/05/2022 | Libros | ||
| Biblioteca ESET - UNQ | Biblioteca ESET - UNQ | CIRCULACION | 09/05/2022 | 570 /COR | 59325 | 09/05/2022 | Libros | ||
| Biblioteca ESET - UNQ | Biblioteca ESET - UNQ | CIRCULACION | 09/05/2022 | 570 /COR | 59326 | 09/05/2022 | Libros | ||
| Biblioteca ESET - UNQ | Biblioteca ESET - UNQ | CIRCULACION | 09/05/2022 | 570 /COR | 57336 | 09/05/2022 | Libros | ||
| Biblioteca ESET - UNQ | Biblioteca ESET - UNQ | CIRCULACION | 09/05/2022 | 570 /COR | 59315 | 09/05/2022 | Libros |